000 00529nam a2200193Ia 4500
999 _c15137
_d15137
003 OSt
005 20201113104622.0
008 190216s9999||||xx |||||||||||||| ||und||
020 _a9780141182636
040 _coclc
082 _a813.52
_bFIT/G
100 _aFitzgerald, Scott F
_96244
245 4 _aThe Great Gatsby /
_cF Scott Fitzgerald
250 _a1st Ed.
260 _bPenguin Books,
_c2000.
_aEngland:
300 _a176p
650 _aEnglish
942 _cBK
_2ddc
_h813.52
_iFIT/G
_k813.52
_mFIT/G